Name All Minecraft Games - Statistics

General Stats
  • This quiz has been taken 34 times
    9 since last reset
  • The average score is 4 of 8
Answer Stats
Released Answer % Correct
2009 Minecraft
100%
2020 Minecraft Dungeons
100%
2019 Minecraft Earth
57%
2023 Minecraft Legends
43%
2026 Minecraft Dungeons II
29%
2015 Minecraft Story Mode
29%
2025 Minecraft Blast
0%
2021 Minecraft Dungeons Arcade
0%
No matching quizzes found
Score Distribution
Percent of People with Each Score
Percentile by Number Answered
Your Score History
You have not taken this quiz since the last reset